00656nam a22002177a 450000500170000001000130001702000100003003500130004003700160005304000120006908200160008110000200009724501310011726000350024827000430028330000250032665000220035165000320037370000180040570000150042320170124110206.0 aA-878005 c70.00 aA-878005 bCen Lib/Ret aDPLbEN a001.64bNAV aNavaneeth, G.N. aDigital and analogue techniques :cby G.N. Navaneeth, V. M. Gokhale [and] R.G. Kale bfor students of science and technology / aAllahabad bKitab Mahal c1996 a22-A, Sarojani Naidu Marg bAllahabad  aiii, 252p.c23cm(Hb) aComputer science  aEngineering and technology  aGokhale, V.M. aKale, R.G.